000 01050nam a22002894a 4500
001 16024273
005 20180312112705.0
008 160920s2010 xxu fr 001 0 eng
020 _a9780873182157
020 _a0873182154
040 _aCo-BoUCM
_bspa
_cEdgar Pinilla
_dEdgar Pinilla
041 0 _aeng
060 0 4 _aWM 420
245 0 0 _aPsychotherapy is worth it
_ba comprehensive review of its cost-effectiveness
_cedited by Susan G. Lazar
250 _a1st ed.
260 _aWashington D.C. (Estados Unidos)
_bAmerican Psychiatric Publishing
_c2010
300 _avii, 351 páginas
504 _aIncluye referencias bibliográficas e índices
650 0 4 _aPsicoterapia
_xTratamiento
_980260
650 0 4 _aTrastornos mentales
_xTratamiento
_980264
650 0 4 _aRentabilidad.
_923550
650 0 4 _aTrastornos de la personalidad
_xTerapia
_980095
650 0 4 _aPsicoterapia
_xEconomía
_980262
690 0 _aPsicología
_98001
700 1 _aLazar, Susan G.
_d1944-
_eeditor
_980263
942 _2NLM
_cLIBRORESER
_a9
_e1
_hWM 420
_mP974
_n0
999 _c303948
_d303948